| 000 | 00000nam 2200000zi 4500 |
| 001 | 9.909931 |
| 003 | CaOODSP |
| 005 | 20221107182027 |
| 006 | m o d f |
| 007 | cr cn||||||||| |
| 008 | 220331t20222022onco o f000 0 ukr d |
| 020 | |a9780660429472 |
| 040 | |aCaOODSP|beng|erda|cCaOODSP |
| 043 | |an-cn--- |
| 086 | 1 |aHP40-38/2022Ukr-PDF |
| 245 | 03|a[A parents guide to vaccination]. |
| 264 | 1|aOttawa, ON : |bPublic Health Agency of Canada = Agence de la santé publique du Canada, |c[2022] |
| 264 | 4|c©2022 |
| 300 | |a1 online resource (30 pages) : |bphotographs |
| 336 | |atext|btxt|2rdacontent |
| 337 | |acomputer|bc|2rdamedia |
| 338 | |aonline resource|bcr|2rdacarrier |
| 500 | |aOn cover: A parent's guide to vaccination - Ukrainian. |
| 500 | |aIssued also in French under title: Guide sur la vaccination à l'intention des parents. |
| 530 | |aIssued also in printed form. |
| 546 | |aText in Ukrainian. |
| 650 | 0|aVaccination of children|zCanada. |
| 710 | 2 |aPublic Health Agency of Canada, |eissuing body. |
| 775 | 08|tA parent's guide to vaccination.|w(CaOODSP)9.909662 |
| 776 | 0#|tA parents guide to vaccination. |w(CaOODSP)9.909933 |
| 792 | |t[Guide sur la vaccination à l'intention des parents].|efre|w(CaOODSP)9.909932 |
| 794 | |t[A parents guide to vaccination].|w(CaOODSP)9.916841 |
| 856 | 40|qPDF|s2.53 MB|uhttps://publications.gc.ca/collections/collection_2022/aspc-phac/HP40-38-2022-ukr.pdf |
| 986 | |a220016 |